[Event "EU-chT (Men) 13th"]
[Site "Leon"]
[Date "2001.11.13"]
[Round "7.4"]
[White "Azarov, Sergei Nikolaevich"]
[Black "Nijboer, Friso"]
[Result "0-1"]
[WhiteElo "2490"]
[BlackElo "2565"]
[Annotator "Rogozenco,D"]
[PlyCount "82"]
[EventDate "2001.11.06"]
[EventType "team-swiss"]
[EventRounds "9"]
[EventCountry "ESP"]
[SourceTitle "CBM 086"]
[Source "ChessBase"]
[SourceDate "2002.02.05"]
[SourceVersion "1"]
[SourceVersionDate "2002.02.05"]
[SourceQuality "1"]
[WhiteTeam "Belarus"]
[BlackTeam "Netherlands"]
[WhiteTeamCountry "BLR"]
[BlackTeamCountry "NED"]

1. e4 c5 2. Nf3 Nc6 3. d4 cxd4 4. Nxd4 Nf6 5. Nc3 e5 6. Ndb5 d6 7. Bg5 a6 8.
Na3 b5 9. Bxf6 gxf6 10. Nd5 f5 11. exf5 Bxf5 12. c3 Bg7 13. Nc2 O-O 14. Nce3
Be6 15. Bd3 f5 16. O-O Ra7 17. a4 Ne7 18. axb5 $5 {Golubev's novelty shows
once more how many unexplored ways are hidden in Sveshnikov Sicilian. In fact
the interesting battle just begins:} (18. Nxe7+ Rxe7 19. axb5 axb5 20. Bc2 d5
21. Bb3 f4 22. Nxd5 Rd7 23. Nb4 Rxd1 24. Bxe6+ Kh8 25. Raxd1 $14 {/=. 1/2-1/2
Topalov,V-Leko,P/Istanbul 2000/ (87)}) 18... Nxd5 (18... f4 $6 19. Nxe7+ Rxe7
20. Qh5 $16 {1-0 Golubev,M-Horvath,T/ch-SUI, Scuol 2001(42)}) 19. Bxf5 Rxf5 $1
(19... Bxf5 20. Qxd5+ Kh8 21. Nxf5 Rxf5 22. Rxa6 {favours White.}) 20. Nxf5 a5
(20... Nf4 {This forces White to play the variation 22.Ne3 - see the comment
after White's 22 move. However, it seems that in the game Black provoked White
to win more material.} 21. Ne3 (21. Nxd6 $2 Rd7 22. Rxa6 Bd5 $19) 21... a5 22.
c4 e4) 21. c4 Nf4 22. Nxd6 {A tempting move of course, but from d6 the knight
won't be able to defend the kingside.} (22. Ne3 e4 23. c5 $13 {Golubev}) 22...
Bf8 ({also interesting looks} 22... Rd7 23. c5 Bf8 24. Qe1 $140 Rg7 $36 25. g3
Bxd6 26. cxd6 Qa8 27. f3 Qa7+ 28. Kh1 Bh3 $1 29. Rg1 $140 Nd3 $19) 23. c5 $6 {
Loses control over important square d5 (in Sveshnikov Sicilian one must never
forget about square d5!).} (23. Ne4 Qb6 (23... Qxd1 $6 24. Rfxd1 Bxc4 25. Nf6+
Kg7 (25... Kh8 26. Rd7 $1 $16) 26. b6 Rf7 27. Nd7 $16) 24. b3 Rg7 $13) 23...
Rg7 $1 24. Kh1 $6 (24. g3 Qh4 $1 25. Qc2 $1 {Protecting the second rank. Now
Black can force a draw, which seems to be the most likely outcome:} (25. Qd2 $1
{looks similar to 25.Qc2.}) (25. Kh1 $2 Qh3 26. Rg1 Bd5+ 27. f3 Rg6 $19 {
[%cal Gg6h6]}) 25... Bd5 26. f3 Rxg3+ 27. hxg3 Qxg3+ 28. Kh1 Qh3+ 29. Kg1 (29.
Qh2 $4 Bxf3+ 30. Rxf3 Qxf3+ 31. Kg1 Ne2+ $19) 29... Qg3+ $11) 24... Rxg2 (24...
Bd5 $1 {This leads to a similar position like in the game with the difference
that here Black has time to take on d6:} 25. f3 Bxd6 26. cxd6 Rxg2 27. Rg1 Rg6
$17 {Compare this position to the one after Black's 26th move from the game.})
25. Rg1 Rg6 (25... Rxg1+ $5 26. Qxg1+ Kh8 $36) 26. f3 Bd5 (26... Bxd6 27. Qxd6
$1) 27. Ne4 $1 {Things are unclear now - the knight plays an important
defencive role.} Qh4 28. c6 Qh3 29. Rxg6+ hxg6 30. Qf1 Qf5 31. Nc3 (31. Re1 $5)
31... e4 32. Rd1 $2 (32. Nxd5 Nxd5 33. fxe4 Qxe4+ 34. Qg2 {White solved here
all defencive problems and thanks to his advanced pawns will take over the
initiative. Also if Black avoidstrading queens, then king on g8 might feel
uncomfortable soon - White will combine the advance of his queenside pawns
with creating threats versus black king.}) 32... Nd3 $2 (32... e3 $1 $36) 33.
Nxd5 Qxd5 34. c7 $2 (34. fxe4 Qxe4+ 35. Qg2 Nf2+ 36. Kg1 Qxg2+ 37. Kxg2 Nxd1
38. c7 $18) 34... Nf2+ 35. Qxf2 (35. Kg1 Nxd1 36. c8=Q exf3 $19) 35... Qxd1+
36. Kg2 $2 {Seems incredible, but even after so many mistakes White could
force a draw here:} (36. Qg1 $1 Qxf3+ 37. Qg2 Qf5 (37... Qd1+ 38. Qg1 Qc2 $2
39. Qxg6+) 38. b6 e3 39. b7 {and Black must force perpetual:} Qb1+ 40. Qg1 Qe4+
41. Qg2 Qb1+ $11) 36... exf3+ 37. Qxf3 Qc2+ 38. Kf1 Qxc7 $19 {Finally
everything became clear. Black is a piece up and took also the c-pawn.} 39.
Qd5+ Qf7+ 40. Qxf7+ Kxf7 41. b6 Ke6 0-1

[Event "EU-chT (Men) 15th"]
[Site "Gothenburg"]
[Date "2005.07.31"]
[Round "2.3"]
[White "Spasov, Vasil"]
[Black "Halkias, Stelios"]
[Result "1-0"]
[WhiteElo "2551"]
[BlackElo "2548"]
[Annotator "Rogozenco,D"]
[PlyCount "103"]
[EventDate "2005.07.30"]
[EventType "team-swiss"]
[EventRounds "9"]
[EventCountry "SWE"]
[SourceTitle "CBM 109"]
[Source "ChessBase"]
[SourceDate "2005.11.14"]
[SourceVersion "1"]
[SourceVersionDate "2005.11.14"]
[SourceQuality "1"]
[WhiteTeam "Bulgaria"]
[BlackTeam "Greece"]
[WhiteTeamCountry "BUL"]
[BlackTeamCountry "GRE"]

{[%mdl 4]} 1. e4 c5 2. Nf3 e6 3. d4 cxd4 4. Nxd4 Nf6 5. Nc3 Nc6 6. Ndb5 d6 7.
Bf4 e5 8. Bg5 a6 9. Na3 b5 10. Nd5 Be7 11. Bxf6 Bxf6 12. c3 Bb7 {The idea to
transfer the knight to d7 appeared more than 20 years ago, but became popular
about a decade ago mainly thanks to Shirov´s efforts. Later Black switched to
other set-ups, since in the present system White has several ways to achieve a
slight edge. In the present game White demonstrates very well the strategic
advantages of the entire 9.Nd5 line - superiority on the light squares and
Black´s problems to make use of his dark-squared bishop.} 13. Nc2 ({The
following encounter is important to understand better the main game.} 13. Bd3
Nb8 14. Nc2 Nd7 15. a4 bxa4 16. Rxa4 Bg5 17. O-O O-O 18. Ra2 a5 $6 {This move
is inaccurate, since it allows White to establish control over square d5.} ({
Correct is} 18... Nb6 19. Ncb4 a5 20. Nxb6 Qxb6 21. Nd5 Bxd5 22. exd5 f5 $11)
19. Bc4 {Compare this position with the one from the main game after Black´s
18th move.} Nb6 20. Nxb6 Qxb6 21. Qd3 {Now White has succeeded to re-arrange
his pieces and has a comfortable edge.} Rac8 22. Rd1 (22. Rfa1 $14) 22... Rfd8
23. b3 g6 $1 24. Rda1 Rc5 25. Ne3 Bxe3 26. Qxe3 Bxe4 $1 {and Black succeeded
to overtake the initiative in 1/2-1/2 Beliavsky,A (2650)-Shirov,A (2715)/
Linares 1994 (56), although the position is still about equal.}) 13... Nb8 14.
a4 bxa4 15. Rxa4 Nd7 16. Ra2 ({In the famous game Kasparov-Shirov, Horgen 1994
White played} 16. Rb4 Nc5 (16... Rb8 $1) 17. Rxb7 Nxb7 18. b4 Bg5 19. Na3 O-O
20. Nc4 {[%csl Rb7,Rg5] with a very good positional compensation for the
exchange}) (16. b4 Nb6 $11) (16. Bc4 $5 Nc5 $140 (16... O-O 17. Ra2 {
transposes to the game} (17. O-O Nc5 18. Ra2 Nxe4 19. Qf3 Nd2 $17)) 17. Ra2 (
17. Ra3 $5 Nxe4 18. Qf3 Nc5 19. b4 e4 20. Qe2 Nd3+ 21. Bxd3 Bxd5 22. Bxe4 $14)
17... Nxe4 18. Qf3 Nc5 19. b4 e4 20. Nxf6+ gxf6 21. Qf5 $44) 16... O-O (16...
Nc5 17. f3 (17. Bc4 $142 {- see 16.Bc4}) 17... O-O 18. Bc4 Bg5 19. O-O a5 {
Here at least Black succeeded to provoke the move f2-f3, which can give him
later some additional counterplay ideas.}) 17. Bc4 $1 {Of course now the
bishop goes to c4 at once. Compare with Beliavsky-Shirov mentioned above (see
13.Bd3).} Bg5 (17... Nc5 18. Qe2 $14) 18. O-O a5 $14 {Now we have the position
from the above-mentioned game Beliavsky-Shirov (where Black didn´t fully
equalize either), only that it is White´s turn to move.} ({After} 18... Nb6 19.
Nxb6 Qxb6 20. Bd5 a5 {the knight cannot go to d5, but it has another good
square - c4.} 21. Na3 $1 $16) 19. Qe2 {[%csl Rg5] White intends to play in the
center and on the queenside, where Black´s dark-squared bishop is useless.
Basically White has an extra piece on the light squares, while the dark
squares controlled by the bishop from g5 are not relevant at all in the
upcoming play. Later, after having achieved a stable advantage in the center
and on the queenside, White can choose the right moment for a direct assault.}
Nb6 (19... Nc5 20. b4 $14 {/+/-}) 20. Nxb6 Qxb6 21. Rd1 (21. Rfa1 $14) 21...
Kh8 (21... Rac8 22. Ra3 $5 Qxb2 23. Rb3 Qa2 24. Ra1 Ba6 25. Rxa2 Bxc4 26. Qg4
Bxb3 27. Rb2 Bxc2 28. Rxc2 h6 29. h4 $14) 22. Ra3 {A very interesting idea to
exchange some pieces in order to limit Blac´s counterplay. In the game it
worked out perfectly.} Rab8 ({Black should have tried to open the second front
and create some counterplay on the kingside:} 22... f5 $142 23. Rb3 Qc7 24. Bd5
Bxd5 25. Rxd5 fxe4 26. Qxe4 Qf7 27. f3 Qa7+ 28. Kf1 (28. Kh1 Qf2 $132) 28...
Rf4 29. Qe2 (29. Qd3 e4 $132) 29... a4 30. Ra3 {it is unclear if Black´s
activity and somewhat exposed position of White´s king on f1 secures Black
comfortable play, but this was the right way to continue. In the game Black
ended up in a very passive position.} (30. Rb4 Rxb4 31. Nxb4 (31. cxb4 Qc7 32.
Na3 Rc8 $36) 31... a3 32. bxa3 Qxa3 $11) 30... Qb7 31. Rb5 $13) (22... Qxb2 $2
23. Rb3 $18) 23. Rb3 Qc7 24. Na3 $1 Bc6 25. Nb5 $1 Bxb5 26. Rxb5 Rxb5 27. Bxb5
{White achieved a kind of position where his bishop is considerably more
useful than Black´s. With the bishop on c5 Black would have little problems,
but here White can combine different plans, while Black must defend passively.}
Rb8 $6 (27... g6 $142 28. Qd3 Be7 29. Bc4 f5 $14 {Under the circumstances this
is the only available active plan. I think Black should hold the position
without major difficulties, although a long and precise play is still required,
of course.}) ({Black has no time to regroup his bishop to the a7-g1 diagonal:} 
27... Bd8 28. Qd3 $16) 28. g3 $1 g6 $2 {A very chaotic play. With the previous
move Black showed that he does not intend to prepare ...f5 and the move 28...
g6 must have had the purpose to prepare ...Kg7 and "consolidate the kingside".
In reality it only brings Black problems, since it offers White additional
possibilities for active play.} (28... Qb6 29. Rd5 $16) 29. Bc4 $1 Kg7 30. b3
$1 Rb6 $2 {Continuing the wrong plan.} 31. h4 Bd8 32. Ra1 {[%csl Ra5,Rd6,Rg7]
A high class move. Before starting the direct assault, White reminds his
opponent about the weaknesses on the queenside. Black has no active play and
three weaknesses to take care of. Besides, his dark-squared bishop still has
no job. In practice it is rather impossible to defend such a position
successfully.} (32. h5 $16) 32... Rc6 (32... h5 {also had its drawbacks. White
can play g3-g4 later on and Black will find himself under attack anyway.} 33.
Kg2 $16) 33. h5 $16 {/+-} Bg5 34. Kg2 {Black has no targets for attack and
must wait for his own execution.} Rc5 35. Qf3 Qe7 36. Bd5 Qc7 37. Qg4 Bd2 (
37... h6 38. hxg6 fxg6 39. Qe6 Qe7 40. Qg8+ Kf6 41. b4 {and white rook enters
the game, deciding immediately the outcome.}) 38. hxg6 hxg6 39. Rh1 {A very
instructive play from White. Black´s pieces are stuck on the queenside and
they are not able to protect the king.} Qc8 (39... Rxc3 40. Qh4 $18) 40. Qh4
Rc7 41. Qh7+ Kf6 42. Rd1 $18 Bf4 (42... Bg5 43. Rd3 $18) (42... Bxc3 43. Rd3
$18) 43. Rd3 Qg4 44. Qh8+ Ke7 45. Qg8 Rd7 46. Qxf7+ Kd8 47. Qg8+ Ke7 48. Be6 {
I suspect in reality 48.Bc6 was played.} Qe2 (48... Qxe6 $16) 49. Bxd7 (49.
Qf7+ Kd8 50. Qxd7#) 49... Qxe4+ 50. Rf3 Kxd7 51. Qf7+ Kc6 52. gxf4 1-0

[Event "SWE-ch"]
[Site "Skara"]
[Date "2002.07.13"]
[Round "12"]
[White "Ernst, Thomas"]
[Black "Ahlander, Bjorn"]
[Result "1-0"]
[WhiteElo "2471"]
[BlackElo "2419"]
[Annotator "Rogozenco,D"]
[PlyCount "123"]
[EventDate "2002.06.30"]
[EventType "tourn"]
[EventRounds "13"]
[EventCountry "SWE"]
[EventCategory "9"]
[SourceTitle "CBM 091"]
[Source "ChessBase"]
[SourceDate "2002.11.12"]
[SourceVersion "1"]
[SourceVersionDate "2002.11.12"]
[SourceQuality "1"]

1. e4 c5 2. Nf3 Nc6 3. d4 cxd4 4. Nxd4 Nf6 5. Nc3 e5 6. Ndb5 d6 7. Bg5 a6 8.
Bxf6 gxf6 9. Na3 b5 10. Nd5 f5 11. Bd3 Be6 12. O-O Bxd5 13. exd5 Ne7 14. c3 Bg7
15. Qh5 e4 16. Bc2 Qc8 17. Rad1 (17. Rae1 {was the main subject of discussions
lately.}) 17... O-O (17... Qc5 {This is more precise and is a logical
follow-up of 16...Qc8. Black threatens ...Bxc3 and also prepares ...b4 or ...
a5 (the latter in case of 18.Bb3 for instance).} 18. Bb1 b4 19. cxb4 Qxb4 {
[%csl Rb2]}) 18. Bb1 $1 Ng6 (18... b4 19. cxb4 Bxb2 20. Nc2 Re8 21. f3 Ng6 22.
fxe4 fxe4 23. Ne3 Ra7 24. Nf5 Re5 25. Kh1 Rc7 26. Rde1 Bc3 27. Rxe4 Rxe4 28.
Bxe4 Bxb4 29. h4 Rc1 30. Ne7+ {1-0 Holzke-De Vreugt, Groningen 1997}) 19. Nc2
Re8 (19... f4 {is more logical. The point is that for a second the pawn e4 is
not under attack and Black is in time to advance both f-pawns:} 20. Nd4 Bxd4
21. Rxd4 f5 $13) 20. Nd4 $5 (20. f4 $5) 20... Bxd4 (20... f4 $5 21. Nf5 $140
Re5 22. Bxe4 Rxe4 23. Nxd6 Re5 $1 24. Qxe5 Bxe5 25. Nxc8 Rxc8 $14) (20... Re5
21. Nc6 $16) 21. Rxd4 Ra7 22. f3 Rae7 23. Qg5 $5 {[%csl Re4,Rf5][%cal Gh2h4,
Gh4h5] White has an easier play.} Re5 24. f4 R5e7 25. h4 $1 {Suddenly Black
must give up a pawn.} f6 (25... Kh8 $2 26. Qf6+ Kg8 27. h5 $18) 26. Qxf6 Qd7
27. h5 Nh8 28. g4 $6 Rg7 29. g5 Rf7 30. Qh6 {Black has some hopes thanks to
his strong passed pawn on e4 and to the fact that White can hardly find a good
job for his bishop. Also square h6 is double-edged for white queen. In fact
here Black has a direct way to use the bad position of White's queen.} Qe7 $6 {
"Allowing" 31.Qe6 for White, which is bad for the moment, but soon will be
possible.} (30... Rff8 $1 {[%cal Gh8f7]} 31. g6 $8 (31. Rd2 Nf7 32. Qf6 Ne5 33.
fxe5 Rxf6 34. exf6 Kf7 $17 {/-+}) (31. Kf2 Nf7 32. Qf6 Ne5 33. fxe5 dxe5 $5)
31... hxg6 32. Kf2 Qg7 33. Qg5 gxh5 34. Qxh5 Re7 {preparing ...Qh7 and I would
certainly prefer Black.} 35. Rg1 $4 {doesn't work:} e3+ 36. Kf1 e2+ 37. Qxe2 (
37. Kf2 Qxg1+ 38. Kxg1 e1=Q+ $19) 37... Qxg1+ 38. Kxg1 Rxe2 $19) 31. Rd2 {
[%cal Gd2g2,Gg5g6]} (31. Qe6 $2 Qf8 $1 32. Qh6 Qxh6 33. gxh6 Rf6 $17) 31... Rg7
$2 (31... Qd8 {Black should have avoid the trade of queens, after which White
has a clear advantage in endgame with a pawn up.}) 32. Qe6+ $1 Nf7 (32... Qxe6
33. dxe6 Rxe6 34. Rd5 $16 {[%csl Rd6,Rf5][%cal Ga2a4,Gb1a2]}) 33. Qxe7 (33.
Qxf5 {wins easily:} Nxg5 34. fxg5 Rxg5+ 35. Rg2 $18) 33... Rxe7 34. Re1 $16 Kf8
35. Kf2 h6 36. g6 Nd8 37. b4 {This is possible, but maybe even better was to
keep square b4 for the rook:} (37. Rd4 {[%csl Rb5][%cal Gd4b4,Ga2a4]}) 37...
Ra7 38. Bc2 Rgc7 39. Re3 Ra8 40. Bd1 a5 $6 {Brings nothing and only weakens b5.
As a consequence makes White's task easier.} 41. Be2 Rb7 42. Bf1 Kg7 43. Rb2
Rb6 44. Ke1 Kf6 45. Kd1 Nb7 46. Kc2 Nd8 47. a3 Ra7 48. Re1 Rb8 49. Kd2 axb4 50.
axb4 Ra3 51. Rc2 Rb7 52. Ke3 Rb6 53. Be2 Nb7 54. Bf1 Nd8 55. Rec1 Nb7 56. Be2
Ra4 57. Rb2 Ra3 58. Kd2 Nd8 59. Rcc2 Rba6 60. Bxb5 Rb6 61. Bc4 Ra1 62. Rc1 1-0

[Event "Kramatorsk"]
[Site "Kramatorsk"]
[Date "2003.08.03"]
[Round "9"]
[White "Areshchenko, Alexander"]
[Black "Arzumanian, Georgy"]
[Result "1-0"]
[WhiteElo "2542"]
[BlackElo "2418"]
[Annotator "Rogozenco,D"]
[PlyCount "63"]
[EventDate "2003.07.29"]
[EventType "tourn"]
[EventRounds "14"]
[EventCountry "UKR"]
[EventCategory "10"]
[SourceTitle "CBM 097"]
[Source "ChessBase"]
[SourceDate "2003.11.11"]
[SourceVersion "1"]
[SourceVersionDate "2003.11.11"]
[SourceQuality "1"]

1. e4 c5 2. Nf3 Nc6 3. d4 cxd4 4. Nxd4 Nf6 (4... Qb6 {is more precise if Black
wishes to play with an early ...Qb6. Thus he would avoid the variation from
the game.}) 5. Nc3 Qb6 $6 6. Be3 $1 Ng4 $6 (6... a6 7. Nb3 Qc7 8. Nd5 Qe5 9.
Nb6 Rb8 10. Bd3 $16 d5 11. f4 Qxb2 12. Bc1 Qc3+ 13. Bd2 Qb2 14. Bc1 Qc3+ 15.
Bd2 Qb2 16. exd5 Bg4 17. Nc4 Qxb3 18. axb3 Bxd1 19. dxc6 Bg4 20. cxb7 Rxb7 21.
Rxa6 $18 {1-0 Hansen,M-Olesen,M/Copenhagen 1990 (60)}) (6... Qxb2 7. Ncb5 (7.
Ndb5 Qb4 $1 8. Rb1 Qa5 9. Bd2 (9. Qd2 $5) 9... Qd8 10. Nd5 Nxd5 11. exd5 a6 12.
Na3 Ne5 13. f4 e6 14. Rb3 Bxa3 15. Rxa3 $44 {1/2-1/2 Schroeder,C-Deisz,A/
NED-ch20 corr 1990 (29)}) 7... Qb4+ (7... Kd8 8. Rb1 (8. a3 $5 {[%csl Rb2]})
8... Qxa2 9. Ra1 Qb2 10. Nxc6+ bxc6 11. Bd4 Qxa1 12. Qxa1 cxb5 13. Qa5+ $18) 8.
Bd2 Qa4 9. Nc7+ Kd8 10. Nxc6+ (10. Nxa8 $1 Qxd4 11. Ba5+ b6 12. Qxd4 Nxd4 13.
Nxb6 Nxc2+ 14. Kd2 axb6 (14... Nxa1 15. Nxc8+ Kxc8 16. Ba6+ Kb8 17. Rb1+ Ka8
18. Bc7 $18) 15. Bxb6+ Ke8 16. Kxc2 Nxe4 17. a4 $16 {/+-}) 10... Kxc7 11. Nd4
Kd8 12. Bb5 Qa3 13. e5 Ne4 14. e6 $13 {1/2-1/2 Votava,J-Voloshin,L/CZE 1999 
(23)}) 7. Nd5 (7. Qxg4 $2 Qxb2) 7... Nxe3 8. fxe3 $1 (8. Nxb6 Nxd1 9. Nxa8 Nxb2
10. Nc7+ (10. Nxc6 $5 dxc6 11. a4 g6 $140 12. c3 Bg7 13. Kd2 O-O 14. Kc2 Bd7
15. Nc7 Rc8 16. Na6 $16) (10. Nb5 $2 Na4) 10... Kd8 11. Ncb5 Nxd4 12. Nxd4 Na4
$44 {1/2-1/2 Vitolinsh,A-Akopian,V/Daugavpils 1989 (40)}) 8... Qa5+ (8... Qd8
9. Nb5 $18) (8... Qxb2 9. Nc7+ Kd8 10. Nxa8 Qc3+ 11. Kf2 $18) 9. b4 $1 Nxb4 10.
Nb3 Qa3 (10... Nxc2+ 11. Kf2 $18) 11. Nc7+ Kd8 12. Nxa8 $18 g6 $146 (12... Nc6
13. Qd2 g6 14. Bb5 Bg7 15. c3 d6 16. O-O Rf8 17. Rad1 Bd7 18. c4 Kc8 19. c5 $18
{1-0 Zaitsev,I-Torbin,K/Moscow 2000 (27)}) 13. c3 Nc6 14. Bb5 Bg7 15. O-O {
Black still has to win the knight. Meanwhile White will easily create decisive
threats. Black's only chance is to exchange queens and get a difficult endgame,
trying to escape. With queens on the board there are no chances at all, due to
the bad king on d8.} Ne5 16. Kh1 {Not a necessary move, although White can
afford it. The idea is to prepare Qd4.} (16. Qd5 e6 (16... Qd6 17. Qxd6 exd6
18. Rad1 $18) 17. Qd2 b6 18. Kh1 Qe7 19. Qd4 $18) 16... b6 17. Qd4 Qd6 (17...
Bb7 18. Nxb6 axb6 19. Qxb6+ $18) 18. Rad1 (18. Na5 $1 bxa5 (18... Qxd4 19. exd4
bxa5 20. dxe5 Bxe5 21. Rad1 f6 22. c4 $18) 19. Qxa7 $18) 18... Qb8 19. Qa4 (19.
Rxf7 Bf6 20. Rxf6 exf6 21. Qd6 Qxd6 22. Rxd6 Rf8 {[%cal Gc8b7]}) 19... Qxa8 20.
Nd4 Ke8 21. Nf3 Qb7 22. Rd5 (22. Nxe5 Bxe5 23. Rd5 f6 24. Rfd1 $16) 22... Ng4
23. Rg5 h5 {White complicated matters, allowing Black to win the knight
without creating real threats. But he still has a strong initiative because of
the same factor - bad king and luck of coordination between black pieces.} (
23... Nxe3 24. Re1 $16) 24. e5 Nxe3 25. Re1 Nd5 $2 (25... a6) 26. e6 $1 fxe6
27. Qe4 Bf6 $2 (27... Kd8 $142 {avoiding the immediate loss.}) 28. Qxe6 Bxg5
29. Nxg5 a6 (29... Rf8 30. c4 $18) 30. Qxg6+ Kd8 31. Nf7+ Kc7 32. Qg3+ (32.
Qg3+ d6 33. Rxe7+ Nxe7 34. Qxd6#) 1-0